[Event "TUR-chT Clubs"]
[Site "Konya"]
[Date "2019.07.20"]
[Round "8.18"]
[White "Celek, Osman Emre"]
[Black "Koca, Yildiray"]
[Result "1-0"]
[WhiteElo "1612"]
[BlackElo "1418"]
[PlyCount "115"]
[EventDate "2019.07.16"]
[EventType "team-swiss"]
[EventRounds "9"]
[EventCountry "TUR"]
[SourceTitle "CBM 191 Extra"]
[Source "ChessBase"]
[SourceDate "2019.09.30"]
[SourceVersion "1"]
[SourceVersionDate "2019.09.30"]
[SourceQuality "1"]
[WhiteTeam "Tusas Dernegi"]
[BlackTeam "Cotanak"]
[WhiteTeamCountry "TUR"]
[BlackTeamCountry "TUR"]

1. e4 c5 2. Nf3 Nc6 3. d4 cxd4 4. Nxd4 Qb6 5. Nb3 d6 6. Be3 Qc7 7. Nc3 Nf6 8. Nb5 Qd8 9. f3 a6 10. N5d4 e6 11. Qd2 Be7 12. 0-0-0 0-0 13. Kb1 Bd7 14. g4 d5 15. g5 Ne8 16. exd5 exd5 17. h4 Nd6 18. Qh2 Nf5 19. Nxf5 Bxf5 20. Nd4 Nxd4 21. Bxd4 Rc8 22. Bd3 Bxd3 23. Rxd3 Bd6 24. Qd2 Re8 25. Bc3 Qe7 26. Rxd5 Bg3 27. Qd4 Rxc3 28. bxc3 Qe2 29. Qd1 Qc4 30. Qd3 Qc6 31. Rd4 a5 32. a4 Bf2 33. Re4 Rc8 34. Qb5 Rb8 35. Qxc6 bxc6+ 36. Kc1 Bc5 37. Kd2 Rd8+ 38. Ke2 Kf8 39. Rd1 Rc8 40. Rd7 g6 41. Kd3 Rb8 42. Rf4 Be7 43. Re4 Ba3 44. Ra7 Rd8+ 45. Rd4 Re8 46. Rxa5 c5 47. Rd7 Re1 48. Ra8+ Kg7 49. Raa7 Rd1+ 50. Ke2 Rxd7 51. Rxd7 Kf8 52. Kd1 Ke8 53. Rb7 c4 54. a5 Bc5 55. a6 Kf8 56. a7 Kg7 57. a8Q Bf8 58. Qe8 1-0

[Event "TUR-chT Clubs"]
[Site "Konya"]
[Date "2019.07.18"]
[Round "5.18"]
[White "Koca, Yildiray"]
[Black "Bulmus, Irem Duru"]
[Result "0-1"]
[WhiteElo "1418"]
[BlackElo "1249"]
[PlyCount "94"]
[EventDate "2019.07.16"]
[EventType "team-swiss"]
[EventRounds "9"]
[EventCountry "TUR"]
[SourceTitle "CBM 191 Extra"]
[Source "ChessBase"]
[SourceDate "2019.09.30"]
[SourceVersion "1"]
[SourceVersionDate "2019.09.30"]
[SourceQuality "1"]
[WhiteTeam "Cotanak"]
[BlackTeam "Ermenek Turkuaz Yelken"]
[WhiteTeamCountry "TUR"]
[BlackTeamCountry "TUR"]

1. d4 d5 2. c4 e6 3. Nf3 Nf6 4. Nc3 c6 5. a3 Bd6 6. Bg5 h6 7. Bh4 0-0 8. e4 Be7 9. e5 Nh7 10. Bxe7 Qxe7 11. Bd3 Ng5 12. h4 Nxf3+ 13. Qxf3 Rd8 14. c5 b6 15. b4 Ba6 16. g4 Bxd3 17. Qxd3 Nd7 18. g5 h5 19. g6 fxg6 20. Qxg6 Qf7 21. Qxf7+ Kxf7 22. Rg1 a5 23. b5 bxc5 24. bxc6 cxd4 25. Nb5 Nxe5 26. Nxd4 Rdc8 27. Rg3 Nxc6 28. Nb5 Rd8 29. Rc1 Ra6 30. Rgc3 Rb6 31. a4 Nb4 32. Rf3+ Kg8 33. Rc7 Rf8 34. Rg3 Rf7 35. Rc8+ Kh7 36. Nd4 Rf4 37. Nf3 Rg4 38. Ng5+ Kg6 39. Re3 Rxh4 40. Nf3 Re4 41. Ne5+ Kh7 42. Rxe4 dxe4 43. Nd7 Nd3+ 44. Ke2 Rb2+ 45. Kf1 Rxf2+ 46. Kg1 e3 47. Nc5 Rc2 0-1

[Event "TUR-chT Clubs"]
[Site "Konya"]
[Date "2019.07.18"]
[Round "4.8"]
[White "Koca, Yildiray"]
[Black "Unlu, Alp Bugra"]
[Result "0-1"]
[WhiteElo "1418"]
[BlackElo "1832"]
[PlyCount "68"]
[EventDate "2019.07.16"]
[EventType "team-swiss"]
[EventRounds "9"]
[EventCountry "TUR"]
[SourceTitle "CBM 191 Extra"]
[Source "ChessBase"]
[SourceDate "2019.09.30"]
[SourceVersion "1"]
[SourceVersionDate "2019.09.30"]
[SourceQuality "1"]
[WhiteTeam "Cotanak"]
[BlackTeam "Manisa Yunusembre"]
[WhiteTeamCountry "TUR"]
[BlackTeamCountry "TUR"]

1. e4 e5 2. Nf3 Nc6 3. Bc4 Bc5 4. c3 Nf6 5. d4 exd4 6. cxd4 Bb4+ 7. Nc3 Nxe4 8. 0-0 Bxc3 9. d5 Bf6 10. dxc6 0-0 11. Qd5 Nd6 12. Bd3 dxc6 13. Qh5 g6 14. Qc5 Bf5 15. Bxf5 Nxf5 16. Bf4 Re8 17. Rad1 Qe7 18. Qc2 Nh4 19. Nxh4 Bxh4 20. g3 Bf6 21. h4 a6 22. h5 g5 23. Be3 Rad8 24. Bc5 Qe6 25. Rde1 Qg4 26. Kg2 Qxh5 27. Be3 Qg6 28. Qc1 Qf5 29. Rh1 Qd5+ 30. f3 g4 31. Ref1 Bxb2 32. Qc2 Qd3 33. Qxd3 Rxd3 34. Bf4 Re2+ 0-1

[Event "TUR-chT Clubs"]
[Site "Konya"]
[Date "2019.07.17"]
[Round "3.6"]
[White "Koca, Yildiray"]
[Black "Yasin, Hur"]
[Result "0-1"]
[WhiteElo "1418"]
[BlackElo "1953"]
[PlyCount "62"]
[EventDate "2019.07.16"]
[EventType "team-swiss"]
[EventRounds "9"]
[EventCountry "TUR"]
[SourceTitle "CBM 191 Extra"]
[Source "ChessBase"]
[SourceDate "2019.09.30"]
[SourceVersion "1"]
[SourceVersionDate "2019.09.30"]
[SourceQuality "1"]
[WhiteTeam "Cotanak"]
[BlackTeam "Deniz Genclik"]
[WhiteTeamCountry "TUR"]
[BlackTeamCountry "TUR"]

1. e4 c5 2. Nf3 a6 3. d4 cxd4 4. Nxd4 Nf6 5. Nc3 e5 6. Nf3 Bb4 7. Bc4 Qc7 8. Qd3 b5 9. Bd5 Nxd5 10. exd5 d6 11. 0-0 Nd7 12. Ne4 h6 13. c3 Ba5 14. Be3 0-0 15. Qd2 f5 16. Bxh6 fxe4 17. Ng5 Nf6 18. Ne6 Bxe6 19. dxe6 gxh6 20. Qxh6 Rae8 21. f4 exf4 22. Rxf4 Qg7 23. Qh3 Bb6+ 24. Kh1 Re7 25. Raf1 Nh7 26. Rxf8+ Nxf8 27. Rf4 Qe5 28. Rf5 Qxe6 29. Qg4+ Ng6 30. h4 e3 31. h5 e2 0-1